000 00369nam a22001577a 4500
003 MPLRDC
005 20220104143311.0
008 210129b ||||| |||| 00| 0 eng d
082 _a805.188 MDW
100 _a马大维编著
245 _a有声初级英语会话
_c
260 _a
_b香港万里书店
_c
300 _b
650 _a
942 _cBK
_o805.188 MDW
999 _c38567
_d38557